| 000 | 00536nam a22001817a 4500 | ||
|---|---|---|---|
| 003 | CEME | ||
| 005 | 20210628204820.0 | ||
| 008 | 200311b xxu||||| |||| 00| 0 eng d | ||
| 020 | _a9783642203282 | ||
| 040 | _cvv | ||
| 082 | _a629.892 XIE | ||
| 100 |
_aXie, hui _972524 |
||
| 245 | _aAtomic force microscopy-based nanorobotics: modelling, simulation, setup building and experiments | ||
| 260 |
_aUSA _bSpringer _c2011 |
||
| 300 | _axiv,342 P | ||
| 650 |
_aModelling,Simulation,Setup Building Experiments _972525 |
||
| 942 |
_cBK _2ddc |
||
| 999 |
_c578529 _d578529 |
||